Metal clusters and their reactivity / (Record no. 20724)

MARC details
000 -LEADER
fixed length control field 00579nam a22002057a 4500
003 - CONTROL NUMBER IDENTIFIER
control field OSt
005 - DATE AND TIME OF LATEST TRANSACTION
control field 20250612152425.0
008 - FIXED-LENGTH DATA ELEMENTS--GENERAL INFORMATION
fixed length control field 250612b |||||||| |||| 00| 0 eng d
020 ## - INTERNATIONAL STANDARD BOOK NUMBER
International Standard Book Number 9789811597039
040 ## - CATALOGING SOURCE
Original cataloging agency KABU
Transcribing agency KABU
050 ## - LIBRARY OF CONGRESS CALL NUMBER
Classification number QD921
Item number .L86 2020
100 ## - MAIN ENTRY--PERSONAL NAME
Personal name Luo, Zhixun
245 ## - TITLE STATEMENT
Title Metal clusters and their reactivity /
Statement of responsibility, etc. Zhixun Luo & Shiv N. Khanna
260 ## - PUBLICATION, DISTRIBUTION, ETC. (IMPRINT)
Place of publication, distribution, etc. Gateway East, Singapore:
Name of publisher, distributor, etc. Springer,
Date of publication, distribution, etc. 2020
300 ## - PHYSICAL DESCRIPTION
Extent xiv, 267p.
504 ## - BIBLIOGRAPHY, ETC. NOTE
Bibliography, etc Includes bibliographical references
650 ## - SUBJECT ADDED ENTRY--TOPICAL TERM
Topical term or geographic name as entry element Metal clusters
700 ## - ADDED ENTRY--PERSONAL NAME
Personal name Khanna, Shiv N.
942 ## - ADDED ENTRY ELEMENTS (KOHA)
Source of classification or shelving scheme Library of Congress Classification
Koha item type General Collection
Holdings
Withdrawn status Lost status Source of classification or shelving scheme Not for loan Home library Current library Shelving location Date acquired Cost, normal purchase price Inventory number Total Checkouts Full call number Barcode Date last seen Copy number Price effective from Koha item type
    Library of Congress Classification   Kabarak, Main Campus Kabarak, Main Campus General Stacks 12/06/2025 17983.00 2025/2067   QD921 .L86 2020 C.1 33175 12/06/2025 C.1 12/06/2025 General Collection
    Library of Congress Classification   Kabarak, Main Campus Kabarak, Main Campus General Stacks 12/06/2025 17983.00 2025/2066   QD921 .L86 2020 C.2 33174 12/06/2025 C.2 12/06/2025 General Collection
    Library of Congress Classification   Kabarak, Main Campus Kabarak, Main Campus General Stacks 12/06/2025 17983.00 2025/2068   QD921 .L86 2020 C.3 33173 12/06/2025 C.3 12/06/2025 General Collection
Designed with assistance from East African Informatics Ltd